000 00261nam a2200121Ia 4500
008 191201s2017 xx 000 0 und d
100 _aROY, Uttam K
245 0 _aWeb Technologies
260 _bOxford
_c2017
300 _a758
650 _aMCA
942 _2ddc
_cBK
999 _c6829
_d6829